000 00526nam a2200181Ia 4500
003 GCL
008 140319s9999 xx 000 0 ara d
040 _aGCL /
_cGCL
082 0 4 _a910.4
_bم ر
100 1 _aمحمد الجوادى
245 1 0 _aرحلات شاب مسلم فى الهند وبريطانيا وامريكا وايطاليا /
_cمحمد الجوادى
300 _a110 ص
490 _a
650 0 4 _aالادب
650 0 4 _aادب الرحلات
650 0 4 _aقصص الرحلات
942 _2ddc
_cBK
999 _c45067
_d45067